Statistiques concernant Culture Générale - Série 1546

Cliquez ici pour prendre le quiz!

Statistiques générales

  • Ce quiz a été pris 79 fois
  • Le résultat moyen est 4 sur 10

Statistiques - réponses

QuestionRéponse% Correct
Il est l’inventeur français du système d’écriture tactile à points saillants, à l’usage des personnes aveugles ou fortement malvoyantes . C'est Louis ...Braille
99%
Que signifie le préfixe grec "bios", à partir duquel on a formé le mot : "biologie" ?vie
63%
Quel titre de noblesse porté en Grande-Bretagne signifie "seigneur" ?lord
62%
Quel auteur russe a publié, en 1866, le roman : "Crime et Châtiment" ?Fedor Dostoïevski
61%
Quel écrivain français est l'auteur du "Mariage de Figaro", au XVIIIe siècle ?Beaumarchais
44%
Dans le film de 1976, quelle actrice américaine (initiales JL) se retrouve au creux de la paume du géant King Kong ?Jessica Lange
35%
À quel peintre doit-on un “portrait” de Zola en 1866, et un “portrait” de Mallarmé en 1876 ?Edouard Manet
31%
Quel est le nom scientifique de la vitamine c ?acide ascorbique
24%
À quel architecte doit-on les bâtiments officiels de la ville de Brasilia ?Oscar Niemeyer
23%
Selon la mythologie grecque, dans quel royaume de l'Asie Mineure Jason alla-t-il conquérir la Toison d'or ?Colchide
4%

Distribution des résultats

Percentile par nombre de réponses

% des personnes avec chaque résultat

Votre développement - résultats

Vous n’avez pas pris ce quiz